| 000 | 01594nam a22002417a 4500 | ||
|---|---|---|---|
| 999 |
_c6391 _d6391 |
||
| 003 | DO-SdBJH | ||
| 005 | 20210729151019.0 | ||
| 008 | 210729b ||||| |||| 00| 0 spa d | ||
| 040 |
_aDO-SdBJH _bspa _cDO-SdBJH |
||
| 090 |
_aTG ANMG _b01629 2019 |
||
| 100 | 1 |
_aSoriano Pilar, Ronald Luis _esustentante |
|
| 245 | 1 | 0 |
_aContribución de la Armada de República Dominicana al sector pesquero nacional / _c Ronald Luis Soriano Pilar, Hendrick Quevedo Lorenzo, asesores Gertrudis Perera Rodríguez, Alfredo Peguero Peguero |
| 260 |
_aSanto Domingo Este : _bINSUDE, _c2019 |
||
| 300 | _av, 66 páginas | ||
| 502 | _aTrabajo de grado (Licenciado en Ciencias Navales). -- Instituto Superior para la Defensa (INSUDE). Academia Naval Marina de Guerra “Vicealmirante Cesar D’Windt Lavandier”, 2019 | ||
| 504 | _aIncluye referencias bibliográficas e índices | ||
| 505 | _aProceso pesquero y aportes de la Armada en República Dominicana. -- Beneficios a obtener el elaborar un programa operacional en las zona costero-marina, encabezados por la Armada de República Dominicana en materia del desarrollo pesquero nacional. -- Contribución de las organizaciones pesqueras al buen uso del ecosistema marino concientizando a los pescadores en las diferentes zona costera del país | ||
| 700 | 1 |
_a Quevedo Lorenzo, Hendrick _esustentante |
|
| 700 | 1 |
_a Perera Rodríguez, Getrudis _easesor |
|
| 700 | 1 |
_aPeguero Peguero, Alfredo _easesor |
|
| 830 | _aINSUDE. Academia Naval Marina de Guerra “Vicealmirante Cesar D’Windt Lavandier”. Tesis y disertaciones académicas | ||
| 942 |
_2CL _cT |
||